| 000 | 00535nam a2200157Ia 4500 | ||
|---|---|---|---|
| 008 | 200110s9999 xx 000 0 und d | ||
| 020 | _a978-0-321-55528-1 | ||
| 100 | _aGitman, Lawrence J. | ||
| 245 |
_c Lawrence J. Gitman.-- _aPrinciples of managerial finance / |
||
| 250 | _a12th ed. | ||
| 260 |
_aBoston : _bPearson Addison Wesley _c2009 |
||
| 300 |
_axliv, 848 pages _bcolored illustrations _c25 cm. |
||
| 500 | _aIncludes glossary and index. | ||
| 650 | _aBusiness enterprises -- Finance. | ||
| 650 | _aCorporations -- Finance. | ||
| 999 |
_c362876 _d362876 |
||